00621nam a2200205Ia 450000500170000000800410001702000150005808200130007324500560008625000090014226000280015130000190017965000140019870000290021270000330024170000250027494200060029995200950030599900150040020240530015100.0240331s9999 xx 000 0 und d a0415220858 bNONa337 0aNon state actors and authority in the global system a1 St aLondonbRoutledgec2000 axvii, 301 p.,  a Economic aHiggott, A. Richardeedt aUnderhill, D.R.Geoffreyeedt aBieler, Andreaseedt cL 001040708LaWERCLbWERCLcSSCd2024-03-31l0o 337 NONp4252r2024-03-31w2024-03-31yL c2763d2763